000 00641nab a2200241 a 4500
001 69375
003 143227
005 20201118110641.0
008 ||||||n9999 ||| || ||
041 _aspa
100 _aBarbosa Mutis, David
245 0 _aLos 30 anos del grupo andino
260 _aBogotá :
_bUniversidad Jorge Tadeo Lozano,
_c1999.
300 _app.41-44
562 _e0
650 _aCOOPERACIÓN INTERNACIONAL
650 _aGRUPO ANDINO
650 _aINTEGRACIÓN ECONÓMICA
650 _aPROGRAMAS DE DESARROLLO
650 _aRELACIONES INTERNACIONALES
773 _068413
_aLa Tadeo - No.61
942 _cSART
999 _c69375
_d69375